000
00254nam a2200109Ia 4500
008
230917s9999||||xx |||||||||||||| ||und||
040
_e
192294
_a
MAIN
041
_a
English
100
_a
Singh, V B
245
0
_a
Theory of economic development
942
_c
BK
999
_c
92081
_d
92081